[Event "JUG-chT"]
[Site "Zlatibor"]
[Date "1989.??.??"]
[Round "?"]
[White "Ilincic, Zlatko"]
[Black "Andrijevic, Milan"]
[Result "1/2-1/2"]
[WhiteElo "2485"]
[BlackElo "2400"]

1.e4 c5 2.Nf3 Nc6 3.d4 cxd4 4.Nxd4 Qc7 5.Nc3 e6 6.Be2 a6 7.O-O Nf6 8.Kh1 Bb4
9.Qd3 Qd6 10.Nb3 Qxd3 11.cxd3 d5 12.exd5 Nxd5 13.Nxd5 exd5 14.Bf4 O-O 15.Rac1 Bf5
16.Rfd1  1/2-1/2

[Event "JUG-chT"]
[Site "Zlatibor"]
[Date "1989.??.??"]
[Round "?"]
[White "Cabrilo, Goran"]
[Black "Vujakovic, Branko"]
[Result "1-0"]
[WhiteElo "2510"]
[BlackElo "2400"]

1.e4 c5 2.Nf3 Nc6 3.d4 cxd4 4.Nxd4 Qc7 5.Nb5 Qd8 6.c4 Nf6 7.N5c3 e6 8.f4 d6
9.a3 b6 10.Bd3 Bb7 11.O-O Be7 12.Be3 O-O 13.Qf3 Re8 14.Qh3 Nd7 15.Nd2 Nc5
16.Bc2 a5 17.Rad1 Bf8 18.e5 h6 19.exd6 f5 20.Nb5 Bxd6 21.Nxd6 Qxd6 22.Nb3 Qe7
23.Bxc5 bxc5 24.Qe3 Ba6 25.Bd3 Rad8 26.Nxc5 Qa7 27.Rfe1 Bc8 28.Bc2 Rxd1 29.Rxd1 e5
30.Ba4 Rd8 31.Rxd8+ Nxd8 32.Qxe5 Nf7 33.Qe8+  1-0

[Event "JUG-chT"]
[Site "Zlatibor"]
[Date "1989.??.??"]
[Round "?"]
[White "Nikolin, Zorica"]
[Black "Maric, Alisa"]
[Result "0-1"]
[WhiteElo "2225"]
[BlackElo "2355"]

1.e4 c5 2.Nf3 Nc6 3.d4 cxd4 4.Nxd4 Qc7 5.Nc3 e6 6.Be3 a6 7.Bd3 Nf6 8.O-O Ne5
9.Be2 b5 10.f4 Nc4 11.Bxc4 Qxc4 12.e5 Nd5 13.Nxd5 Qxd5 14.Qe2 Bb7 15.Rad1 Qe4
16.Qf2 Be7 17.f5 O-O-O 18.c4 b4 19.Nb3 d6 20.exd6 Bxd6 21.Rd4 Qxf5 22.Qxf5 exf5
23.Rxf5 Rhe8 24.Kf2 f6 25.c5 Bxh2 26.Rxd8+ Kxd8 27.Rh5 Bg3+ 28.Kxg3 Rxe3+
29.Kf2 Re5 30.Rxh7 Rg5 31.Rh2 Kd7 32.Nd4 Bd5 33.Nf3 Bxf3 34.gxf3 Rxc5 35.Rg2 g5
36.Rg4 a5 37.Ke3 Ke6 38.Re4+ Re5 39.Kd3  0-1

[Event "JUG-chT"]
[Site "Zlatibor"]
[Date "1989.??.??"]
[Round "?"]
[White "Vujakovic, Branko"]
[Black "Djukic, Zeljko"]
[Result "1/2-1/2"]
[WhiteElo "2400"]
[BlackElo "2405"]

1.e4 c5 2.Nf3 Nc6 3.d4 cxd4 4.Nxd4 Qb6 5.Nb3 Nf6 6.Nc3 e6 7.Bd3 a6 8.O-O d6
9.Kh1 Be7 10.f4 Qc7 11.Bd2 b5 12.Qe2 O-O 13.Rae1 Nd7 14.Rf3 g6 15.Qf2 Bb7
16.Rh3 Nb4 17.a3 Nxd3 18.cxd3 Nc5 19.Nd4 Bf6 20.f5 Qe7 21.Bh6 Rfe8 22.Rf1 exf5
23.Nxf5 Qe5 24.Bf4 Qe6 25.Nxd6 Rec8 26.d4 Nxe4 27.Ncxe4 Bxe4 28.Nxe4 Qxe4
29.Be5 Rc2 30.Qf3 Qxf3 31.Rhxf3 Bxe5 32.dxe5 Ra7 33.b4 Re2 34.h3 Rxe5 35.R1f2 Kg7
36.Rc3 h5 37.Rc6 Re3 38.Rf3 Re2 39.Rfc3 a5 40.bxa5 Rxa5 41.Rc7 Rf2 42.Kg1 Rf5
43.R7c5 Rxa3 44.Rxf5 Rxc3 45.Rxb5 h4 46.Rb4 g5 47.Kf2 Kg6 48.Rb6+ f6 49.Re6 Kf5
50.Ra6 Ke4 51.Ra4+ Kd5 52.Ra5+ Rc5 53.Ra6 Ke5 54.Ra4 f5 55.Rb4 Rc2+ 56.Kf3 Rd2
57.Rb5+ Rd5 58.Rb3 Rc5 59.Rb4 Rc3+ 60.Kf2 Rd3 61.Ra4 Rd4 62.Ra3 g4 63.hxg4 fxg4
64.Ke3 Re4+ 65.Kf2 g3+ 66.Kf3 Rf4+ 67.Ke3 Kf5 68.Ra8 Rb4 69.Rf8+ Kg6 70.Kf3  1/2-1/2

[Event "JUG-chT"]
[Site "Zlatibor"]
[Date "1989.??.??"]
[Round "?"]
[White "Andrijevic, Milan"]
[Black "Ilic, Zoran"]
[Result "1/2-1/2"]
[WhiteElo "2400"]
[BlackElo "2380"]

1.e4 c5 2.Nf3 Nc6 3.d4 cxd4 4.Nxd4 Qb6 5.Nb3 Nf6 6.Nc3 e6 7.Be3 Qc7 8.f4 Bb4
9.Bd3 Bxc3+ 10.bxc3 d6 11.O-O e5 12.f5 h6 13.c4 b6 14.Qe1 Bb7 15.Qg3 Kf8
16.Bd2 Nb8 17.Bb4 Nbd7 18.Qe1  1/2-1/2

[Event "JUG-chT"]
[Site "Zlatibor"]
[Date "1989.??.??"]
[Round "?"]
[White "Nikolin, Zorica"]
[Black "Maksimovic, Suzana"]
[Result "1/2-1/2"]
[WhiteElo "2225"]
[BlackElo "2230"]

1.e4 c5 2.Nf3 Nc6 3.d4 cxd4 4.Nxd4 Qb6 5.Nb3 e6 6.Nc3 a6 7.Bd3 Nf6 8.Be3 Qc7
9.f4 d6 10.O-O Be7  1/2-1/2

[Event "Klee mem"]
[Site "Zuerich"]
[Date "1989.??.??"]
[Round "3"]
[White "Gallagher, Joseph G"]
[Black "Ilic, Zoran"]
[Result "1-0"]
[WhiteElo "2445"]
[BlackElo "2380"]

1.e4 c5 2.Nf3 Nc6 3.d4 cxd4 4.Nxd4 Qb6 5.Nb3 Nf6 6.Nc3 e6 7.Bd3 a6 8.O-O Be7
9.Be3 Qc7 10.f4 d6 11.Qf3 O-O 12.g4 Re8 13.g5 Nd7 14.Qh3 Nf8 15.f5 Ne5 16.Nd4 b5
17.Qh5 Bd7 18.f6 Bd8 19.Nf3 Nxd3 20.cxd3 b4 21.fxg7 Ng6 22.Ne2 Bb5 23.Rad1 Qb7
24.Nfd4 Kxg7 25.Ng3 Bb6 26.Kh1 Kg8 27.Nxb5 Bxe3 28.Nxd6 Qe7 29.Rxf7  1-0

[Event "JUG-chT FL"]
[Site "Arandjelovac"]
[Date "1990.??.??"]
[Round "10"]
[White "Micic, Snezana"]
[Black "Konarkowska Sokolov, Henrijeta"]
[Result "1-0"]
[WhiteElo "2140"]
[BlackElo "2095"]

1.e4 c5 2.Nf3 Nc6 3.d4 cxd4 4.Nxd4 Qb6 5.Nb3 Nf6 6.Nc3 e6 7.Bd3 Be7 8.Be3 Qc7
9.f4 d6 10.O-O a6 11.Qf3 O-O 12.Qg3 Nd7 13.Qh3 Nb4 14.Nd4 Nxd3 15.cxd3 Nc5
16.Rad1 b5 17.b4 Na4 18.Nxa4 bxa4 19.Rc1 Qd7 20.f5 Bf6 21.fxe6 fxe6 22.Rc2 Qb7
23.a3 e5 24.Nf5 Bxf5 25.Qxf5 Qf7 26.Qg4 Kh8 27.Rfc1 h5 28.Qf5 g6 29.Qh3 Rae8
30.Rf2 Qe6 31.Qxe6 Rxe6 32.Rc6 Kg7 33.Rxa6 Be7 34.Rxf8 Bxf8 35.Rxa4 Re8 36.b5 Kf6
37.b6 Rb8 38.Ra7 Be7 39.a4 Bd8 40.a5 Ke6 41.Rg7 Kf6 42.Rg8 Kf7 43.Rxd8 Rxd8
44.b7  1-0

[Event "Athens (Women)"]
[Site "Athens"]
[Date "1990.??.??"]
[Round "?"]
[White "Nikolin, Zorica"]
[Black "Makropoulou, Marina"]
[Result "1/2-1/2"]
[WhiteElo "2220"]
[BlackElo "2230"]

1.e4 c5 2.Nf3 Nc6 3.d4 cxd4 4.Nxd4 Qc7 5.Nc3 e6 6.Be3 a6 7.Bd3 Nf6 8.O-O Nxd4
9.Bxd4 Bd6 10.g3 Be5 11.Be2 d6 12.f4 Bxd4+ 13.Qxd4 e5 14.Qe3 Be6 15.Rad1 O-O-O
16.f5 Bd7 17.Nd5 Nxd5 18.exd5 Kb8 19.c4 Qc5 20.Qxc5 dxc5 21.f6 g6 22.Bd3 Bg4
23.Rde1 Rhe8 24.Kg2 Kc7 25.Be4 Kd6 26.h3 Bd7 27.g4 b5 28.b3 Rb8 29.Rb1 Rb6
30.Kg3 Reb8 31.h4 h6 32.g5 hxg5 33.hxg5  1/2-1/2

[Event "Biel-B"]
[Site "Biel"]
[Date "1990.??.??"]
[Round "1"]
[White "Ioseliani, Nana"]
[Black "Barlov, Dragan"]
[Result "0-1"]
[WhiteElo "2480"]
[BlackElo "2495"]

1.e4 c5 2.Nf3 Nc6 3.d4 cxd4 4.Nxd4 Qc7 5.Nc3 e6 6.g3 a6 7.Bg2 d6 8.O-O Nxd4
9.Qxd4 Ne7 10.b3 Nc6 11.Qd2 Be7 12.Bb2 O-O 13.Ne2 Re8 14.c4 b6 15.Rac1 Bb7
16.f4 Nb8 17.g4 Nd7 18.g5 b5 19.cxb5 Qd8 20.bxa6 Bxa6 21.Ba1 e5 22.h4 exf4
23.Qxf4 Rf8 24.Qd2 Ne5 25.Rfd1 Ng6 26.Nf4 Nxh4 27.Qd4 f6 28.Ne6 Qd7 29.Qd5 Bb7
30.Nc5+ Bxd5 31.Nxd7 Rxa2 32.Bh1 Bxb3 33.Rd3 Rfa8 34.Bd4 Be6 35.gxf6 gxf6
36.Nxf6+ Kf7 37.Rf1 Bxf6 38.Rxf6+ Ke7 39.Rg3 Ng6 40.Rf1 R8a3 41.Bf6+ Kd7
42.Rxa3 Rxa3 43.Rb1 Bg4 44.Rb7+ Ke6 45.Bb2 Ra2 46.Bg2 h5 47.Kh2 Nf4 48.Kg3 Nxg2
49.Kxg2 Ra4 50.e5 dxe5 51.Rb8 Re4 52.Kg3 Re2 53.Ba1 Kf5 54.Bb2 Re3+ 55.Kf2 Rf3+
56.Kg2 Rd3 57.Rb5 Bf3+ 58.Kf2 Bd5 59.Rb4 Rf3+ 60.Ke2 Rh3 61.Kd2 Rh2+ 62.Ke3 Rh3+
63.Ke2 e4 64.Bc1 h4 65.Rb5 Rd3 66.Be3 h3 67.Rb1 Ke5 68.Kf2 Ra3 69.Re1 Be6
70.Kg3 Rb3 71.Re2 Rb7 72.Bf4+ Kd4 73.Rd2+ Kc3 74.Rd6 Bf5 75.Kf2 Kc4 76.Be3 Rf7
77.Rc6+ Kd5 78.Rc5+ Ke6 79.Rc6+ Ke5 80.Rc5+ Kf6 81.Rc1 Rb7 82.Rc6+ Be6 83.Rb6 Rh7
84.Bd4+ Kf5 85.Rb1 Kf4 86.Be3+ Ke5 87.Rg1 Rf7+ 88.Ke2 Rf3 89.Rg5+ Kf6 90.Rg1 Bc4+
91.Kd2 Bf1  0-1

[Event "Biel-B"]
[Site "Biel"]
[Date "1990.??.??"]
[Round "5"]
[White "Groszpeter, Attila"]
[Black "Barlov, Dragan"]
[Result "1/2-1/2"]
[WhiteElo "2555"]
[BlackElo "2495"]

1.e4 c5 2.Nf3 Nc6 3.d4 cxd4 4.Nxd4 Qc7 5.Nc3 e6 6.Be3 a6 7.Qd2 Nf6 8.f3 d5
9.exd5 Nxd5 10.Nxd5 exd5 11.O-O-O Be7 12.Kb1 O-O 13.Bd3 Bf6 14.c3 Re8 15.g4 Bd7
16.g5 Bxd4 17.Bxd4 Nxd4 18.cxd4 Bb5 19.Bxb5 axb5 20.Rhe1 Qd6 21.a3 g6 22.Re5 Rxe5
23.dxe5 Qxe5 24.Qxd5 Qe2 25.Qd3 Qe5 26.Qd5 Qe2 27.Qd3  1/2-1/2

[Event "Biel op (Women)"]
[Site "Biel"]
[Date "1990.??.??"]
[Round "5"]
[White "Brustman, Agnieszka"]
[Black "Lupu, Smaranda  B"]
[Result "1-0"]
[WhiteElo "2300"]
[BlackElo "2185"]

1.e4 c5 2.Nf3 Nc6 3.d4 cxd4 4.Nxd4 Qb6 5.Nb3 Nf6 6.Nc3 e6 7.Bd3 Bb4 8.O-O O-O
9.Bg5 Be7 10.Qe2 d6 11.Kh1 a6 12.f4 h6 13.Bh4 Nxe4 14.Qxe4 f5 15.Qe1 g5 16.Bg3 Bd7
17.Bc4 Rf6 18.Qd2 g4 19.Bh4 Rg6 20.Bxe7 Nxe7 21.Rad1 d5 22.Bd3 Kf7 23.Ne2 h5
24.Ned4 h4 25.Qa5 Qxa5 26.Nxa5 b5 27.Nb7 Ra7 28.Nc5 Bc8 29.b4 Ng8 30.Nc6  1-0

[Event "CSR-ch"]
[Site "Brno"]
[Date "1990.??.??"]
[Round "11"]
[White "Salai, Ladislav"]
[Black "Bakalar, Petr"]
[Result "1/2-1/2"]
[WhiteElo "2395"]
[BlackElo "2325"]

1.e4 c5 2.Nf3 Nc6 3.d4 cxd4 4.Nxd4 Qb6 5.Nb3 Nf6 6.Nc3 e6 7.Bd3 a6 8.O-O d6
9.Kh1 Be7 10.f4 Qc7 11.a4 b6 12.Qe2 O-O 13.Bd2 Bb7 14.Rae1 g6 15.f5 Ne5 16.Bh6 Rfe8
17.fxe6 fxe6 18.Nd4 Qd7 19.Bc4 Nxc4 20.Qxc4 d5 21.exd5 exd5 22.Qd3 Ng4 23.Bf4 Bc5
24.Bg3 Rxe1 25.Rxe1 Re8 26.Rxe8+ Qxe8 27.h3 Qe3 28.Qxe3 Nxe3 29.Nce2 Kf7
30.Bf4 Nd1 31.b3 h5 32.Be5 Nf2+ 33.Kh2 Ne4 34.h4 Nf2 35.Kg3 Ng4 36.Bc7 Ke7
37.Kf3 Kf6 38.Kf4 Nf2 39.c3 a5 40.Be5+ Kf7 41.Kg3 Ne4+ 42.Kf4 Be7  1/2-1/2

[Event "Spring op"]
[Site "Budapest"]
[Date "1990.??.??"]
[Round "9"]
[White "Madl, Ildiko"]
[Black "Horvath, Jozsef"]
[Result "0-1"]
[WhiteElo "2390"]
[BlackElo "2525"]

1.e4 c5 2.Nf3 Nc6 3.d4 cxd4 4.Nxd4 Qc7 5.Nc3 e6 6.Nxc6 bxc6 7.Bd3 Nf6 8.O-O Be7
9.Re1 d6 10.Ne2 O-O 11.Ng3 e5 12.b3 d5 13.exd5 cxd5 14.c4 e4 15.Bf1 Bc5 16.Be3 d4
17.Bg5 e3 18.fxe3 dxe3 19.Be2 Ng4 20.Qd5 Bb7 21.Qf5 Nf2 22.Nf1 Rfe8 23.Bf4 Nh3+
24.gxh3 Qc6 25.Qd5 Qg6+ 26.Qg5 Qe4 27.Nxe3 Bxe3+ 28.Bxe3 Qh1+ 29.Kf2 Qxh2+
30.Kf1 Qxh3+ 31.Kf2 Qh2+ 32.Kf1 Rxe3 33.Bh5 Rg3 34.Bxf7+ Kh8  0-1

[Event "USA Masters"]
[Site "Chicago"]
[Date "1990.??.??"]
[Round "6"]
[White "Colias, Billy"]
[Black "Schiller, Eric"]
[Result "1-0"]
[WhiteElo "2290"]
[BlackElo "2270"]

1.e4 c5 2.Nf3 Nc6 3.d4 cxd4 4.Nxd4 Qb6 5.Nb3 Nf6 6.Nc3 e6 7.g3 Bb4 8.Bg2 O-O
9.O-O Bxc3 10.bxc3 d5 11.exd5 Nxd5 12.c4 Nf6 13.c5 Qc7 14.Qd6 Qxd6 15.cxd6 Rd8
16.Ba3 Ne5 17.Na5 Rb8 18.Rab1 Nd5 19.Rfe1 Nd7 20.Rb3 N5b6 21.Rc3 Nf6 22.Rc7 Nbd5
23.c4 Nb6 24.c5 Nbd5 25.c6 bxc6 26.Nxc6 Bd7 27.Nxd8 Rxd8 28.Rxa7 Kf8 29.Rb1 Nc3
30.Rb2 Ke8 31.Ra8 Nb5 32.Bb4 Nd5 33.Rxd8+ Kxd8 34.a4 Na7 35.Ba5+ Kc8 36.Rc2+ Nc6
37.Bxd5 exd5 38.Rc5 d4 39.Kf1 Kb7 40.Ke1 Ka6 41.Bc7 Nb4 42.Rc4 Nc6 43.f4 Kb7
44.Kd2 h5 45.Rc1 Bf5 46.Rc5 Be4 47.Rb5+ Kc8 48.Rxh5 d3 49.Bb6 Kd7 50.a5 Nb8
51.Rb5 Na6 52.Bd4  1-0

[Event "Dieren op"]
[Site "Dieren"]
[Date "1990.??.??"]
[Round "2"]
[White "Beulen, Marcel"]
[Black "Ravikumar, Vaidyanathan"]
[Result "1/2-1/2"]
[WhiteElo "2225"]
[BlackElo "2355"]

1.e4 c5 2.Nf3 Nc6 3.d4 cxd4 4.Nxd4 Qb6 5.Nb3 Nf6 6.Nc3 e6 7.Be3 Qc7 8.Bd3 d6
9.f4 a6 10.Qf3 Be7 11.O-O-O Nb4 12.Kb1 b5 13.g4 Bb7 14.g5 Nd7 15.Qh3 g6 16.Rhf1 Rc8
17.Rd2 Nxd3 18.cxd3 Nc5 19.Nxc5 dxc5 20.f5 Qd7 21.fxg6  1/2-1/2

[Event "Arnold Cup"]
[Site "Gausdal"]
[Date "1990.??.??"]
[Round "5"]
[White "Reeh, Oliver"]
[Black "Bern, Ivar"]
[Result "1-0"]
[WhiteElo "2425"]
[BlackElo "2370"]

1.e4 c5 2.Nf3 Nc6 3.d4 cxd4 4.Nxd4 Qb6 5.Nb3 Nf6 6.Nc3 e6 7.Bd3 a6 8.Be3 Qc7
9.f4 d6 10.Qf3 Nd7 11.O-O Be7 12.a4 b6 13.Nd4 Bb7 14.Qg3 Nxd4 15.Bxd4 Bf6
16.Bxf6 gxf6 17.Kh1 h5 18.Qh4 O-O-O 19.Be2 Qc5 20.Bf3 f5 21.Rad1 fxe4 22.Nxe4 Bxe4
23.Bxe4 d5 24.Bf3 Kb8 25.c3 Qc7 26.Rfe1 Rde8 27.Re2 Qc4 28.Rd4 Qa2 29.h3 Qb1+
30.Kh2 Qg6 31.c4 Qg7 32.Rd1 d4 33.f5 Ka7 34.Qxd4 Qxd4 35.Rxd4 Nc5 36.b4 e5
37.Rd6 e4 38.bxc5 exf3 39.cxb6+ Kb7 40.Rxe8 Rxe8 41.gxf3  1-0

[Event "Bundesliga 8990"]
[Site "Germany"]
[Date "1990.??.??"]
[Round "?"]
[White "Armas, Iulius"]
[Black "Darga, Klaus"]
[Result "1/2-1/2"]
[WhiteElo "2480"]
[BlackElo "2470"]

1.e4 c5 2.Nf3 Nc6 3.d4 cxd4 4.Nxd4 Qc7 5.Be3 Nf6 6.Nc3 a6 7.Be2 e6 8.f4 Bb4
9.Bf3 d6 10.Nb3 e5 11.O-O Bxc3 12.bxc3 Be6 13.f5 Bc4 14.Rf2 Ne7 15.Nd2 d5
16.Bg5 O-O-O 17.Nxc4 Qxc4 18.Qd3 Qc5 19.Bxf6 gxf6 20.Rb1 dxe4 21.Qxe4 Nc6
22.Qh4 Rd2 23.Bxc6 bxc6 24.Rf1 Rhd8 25.Qb4 Qe3 26.Qc4 Qb6 27.Qb4 Qa7 28.Qc4 R8d6
29.g3 Rxf2  1/2-1/2

[Event "Hamburg IMT"]
[Site "Hamburg"]
[Date "1990.??.??"]
[Round "4"]
[White "Joecks, Christian"]
[Black "Luecke, Norbert"]
[Result "0-1"]
[WhiteElo "2295"]
[BlackElo "2350"]

1.e4 c5 2.Nf3 Nc6 3.d4 cxd4 4.Nxd4 Qb6 5.Nb3 Nf6 6.Nc3 e6 7.Bd3 a6 8.O-O Be7
9.Be3 Qc7 10.f4 d6 11.Qf3 O-O 12.Rae1 b5 13.a3 Bb7 14.Qh3 Rad8 15.Kh1 Rfe8
16.Nd4 Nxd4 17.Bxd4 Nd7 18.e5 g6 19.f5 exf5 20.Rxf5 Nxe5 21.Rexe5 dxe5 22.Bxe5 Rxd3
23.cxd3 Qc8  0-1

[Event "Mephisto (Women)"]
[Site "Hamburg"]
[Date "1990.??.??"]
[Round "7"]
[White "Ehrke, Anja"]
[Black "Jahn, Otilia"]
[Result "0-1"]
[WhiteElo "2275"]
[BlackElo "2240"]

1.e4 c5 2.Nf3 Nc6 3.d4 cxd4 4.Nxd4 Qb6 5.Nb5 a6 6.Be3 Qd8 7.N5c3 e6 8.Na4 Nf6
9.Nb6 Rb8 10.Nc3 Bb4 11.Bd3 d5 12.exd5 exd5 13.a3 Bxc3+ 14.bxc3 d4 15.Bf4 Qxb6
16.Bxb8 Nxb8 17.cxd4 O-O 18.O-O Nc6 19.c3 Be6 20.Rb1 Qc7 21.Qf3 Na5 22.Rfe1 Bd5
23.Qh3 Nc4 24.a4 Rd8 25.Re2 Qc6 26.Rb4 h6 27.g4 a5 28.Rb5 Nd6 29.g5 hxg5
30.Rxa5 g4 31.Qh4 Be4 32.Rh5 Nxh5 33.Qxd8+ Kh7 34.d5 Qxa4 35.Bxe4+ Nxe4 36.Re1 Nd2
37.Re2 Qd1+ 38.Kg2 Qf1+  0-1

[Event "Helsinki"]
[Site "Helsinki"]
[Date "1990.??.??"]
[Round "9"]
[White "Nokso Koivisto, A."]
[Black "Barlov, Dragan"]
[Result "0-1"]
[WhiteElo "2380"]
[BlackElo "2520"]

1.e4 c5 2.Nf3 Nc6 3.d4 cxd4 4.Nxd4 Qb6 5.Nb3 Nf6 6.Nc3 e6 7.Bd3 a6 8.O-O Qc7
9.f4 d6 10.a3 Be7 11.Qe1 O-O 12.Qg3 b5 13.Qh3 b4 14.Ne2 e5 15.f5 d5 16.Ng3 bxa3
17.bxa3 Bb7 18.exd5 Nb8 19.Bg5 Nbd7 20.Be4 Rfe8 21.Rad1 Bxa3 22.Rf2 a5 23.d6 Qb6
24.Bxb7 Qxb7 25.Kh1 a4 26.Nc1 Qb6 27.Re2 Bxc1 28.Rxc1 a3 29.Bxf6 Nxf6 30.d7 Nxd7
31.f6 Nxf6 32.Nf5 a2 33.Ree1 Qf2 34.Red1 Qf4 35.Qd3 Ng4  0-1

[Event "Jajce (Women)"]
[Site "Jajce"]
[Date "1990.??.??"]
[Round "8"]
[White "Sziva, Erika"]
[Black "Erenska Radzewska, Hanna"]
[Result "1-0"]
[WhiteElo "2250"]
[BlackElo "2270"]

1.e4 c5 2.Nf3 Nc6 3.d4 cxd4 4.Nxd4 Qb6 5.Nb3 Nf6 6.Nc3 e6 7.Bd3 a6 8.O-O Qc7
9.f4 d6 10.Qf3 Be7 11.Be3 O-O 12.a4 b6 13.Rae1 Bb7 14.Qh3 g6 15.Kh1 Nb4 16.Nd4 e5
17.fxe5 dxe5 18.Nf3 Bc8 19.Qg3 Nh5 20.Qxe5 Bd6 21.Qd4 Bc5 22.Qe5 Bd6 23.Qd4 Bc5
24.Nd5 Nxd5 25.Qxd5 Be6 26.Qg5 Bxe3 27.Qxe3 Bc4 28.b3 Be6 29.Qh6 Qc3 30.e5 f6
31.exf6 Bd5 32.Re7 Rxf6 33.Qxh7+ Kf8 34.Ree1 Rf7 35.Qh6+ Qg7 36.Qxg6 Nf4
37.Qxg7+ Kxg7 38.Be4 Bxe4 39.Rxe4 Ng6 40.Rd1 b5 41.Rg4 Rf6 42.Ne5 Re8 43.Nxg6 Rxg6
44.Rxg6+ Kxg6 45.axb5 axb5 46.Kg1 Re5 47.c4 bxc4 48.bxc4 Re2 49.Rc1 Re6 50.c5 Rc6
51.Kf2 Kf5 52.Ke3 Ke5 53.g4 Re6 54.Kf3  1-0

[Event "Karl-Marx-Stadt"]
[Site "Karl-Marx-Stadt"]
[Date "1990.??.??"]
[Round "?"]
[White "Saltaev, Mihail"]
[Black "Panchev, Pavel"]
[Result "1-0"]
[WhiteElo "2430"]
[BlackElo "2365"]

1.e4 c5 2.Nf3 Nc6 3.d4 cxd4 4.Nxd4 Qb6 5.Nb3 Nf6 6.Nc3 e6 7.Bd3 a6 8.O-O d6
9.Kh1 Qc7 10.f4 b5 11.Qf3 Bb7 12.Be3 Be7 13.Rae1 Nb4 14.Qg3 g6 15.Bd4 O-O
16.Qh3 Nxd3 17.cxd3 e5 18.Be3 exf4 19.Bxf4 b4 20.Ne2 Bc8 21.Qf3 Bg4 22.Qe3 Be6
23.Nbd4 Qd7 24.Qd2 a5 25.Ng3 Ng4 26.h3 Ne5 27.Bh6 Rfc8 28.Nxe6 fxe6 29.d4 Nf7
30.Be3 Bh4 31.Rf3 d5 32.e5 Qe7 33.Ref1 Rf8 34.Ne2 Ng5 35.Bxg5 Bxg5 36.Rxf8+ Rxf8
37.Rxf8+ Kxf8 38.Qd3 Qf7 39.Kg1 Kg7 40.b3 h5 41.g3 Qc7 42.Kg2 Qf7 43.Qf3 Qf5
44.Qxf5 gxf5 45.Ng1 Kg6 46.Nf3 Be3 47.Kf1 Bg5 48.Kf2 Bh6 49.Nh4+ Kf7 50.Kf3 Bg5
51.Ng2 Bd2 52.Ke2 Bg5 53.Ne1 Bd8 54.Nd3 Bb6 55.Ke3 Bd8 56.h4 Be7 57.Nf4 Bf8
58.Nxh5 Bh6+ 59.Kf3 Ke7 60.Nf4 Kf7 61.Nd3 Bf8 62.Nc5 Bh6 63.Nb7 Bd2 64.Nxa5 Bc3
65.Nc6 Kg6 66.g4 fxg4+ 67.Kxg4 Kh6 68.h5 Bb2 69.Nxb4 Bxd4 70.Nc6  1-0

[Event "Karl-Marx-Stadt"]
[Site "Karl-Marx-Stadt"]
[Date "1990.??.??"]
[Round "?"]
[White "Zielinski, Marek"]
[Black "Panchev, Pavel"]
[Result "1/2-1/2"]
[WhiteElo "2355"]
[BlackElo "2365"]

1.e4 c5 2.Nf3 Nc6 3.d4 cxd4 4.Nxd4 Qb6 5.Nb3 Nf6 6.Nc3 e6 7.Bg5 Be7 8.Qd2 O-O
9.f3 a5 10.Be3 Qd8 11.Bb5 d5 12.exd5 Nb4 13.dxe6 Qxd2+ 14.Kxd2 Rd8+  1/2-1/2

[Event "Katowice op"]
[Site "Katowice"]
[Date "1990.??.??"]
[Round "7"]
[White "Alekseev, Andrey"]
[Black "Efimov, Igor"]
[Result "1/2-1/2"]
[WhiteElo "2290"]
[BlackElo "2400"]

1.e4 c5 2.Nf3 Nc6 3.d4 cxd4 4.Nxd4 Qb6 5.Nb3 Nf6 6.Nc3 e6 7.g3 d6 8.Bg2 Be7
9.O-O O-O 10.Be3 Qc7 11.f4 Rd8 12.Kh1 b6 13.Qe2 Bb7 14.a4 Rdc8 15.Bg1 Nb4
16.Nd4 Bf8 17.a5 bxa5 18.Ncb5 Qc4 19.c3 Qxe2 20.Nxe2 Nd3 21.Nxa7 Rcb8 22.Rxa5 Nxb2
23.Rb1 Nc4 24.Rab5 Na3 25.Nc6 Nxb5 26.Nxb8 Nxc3 27.Nxc3 Rxb8 28.Ne2 Nxe4
29.Rxb7 Rxb7 30.Bxe4 d5 31.Bf3 g6 32.g4 Bd6 33.Kg2 Rb4 34.Be3 Rc4 35.g5 Bc5
36.Bxc5 Rxc5 37.Kf2 Rc4 38.Ke3 Kg7 39.Nd4 Rc3+ 40.Kd2 Ra3 41.h4 h6 42.Be2 Rh3
43.Nf3 f6 44.Ke1 hxg5 45.hxg5 Rh8 46.Bd3 fxg5 47.Nxg5 Kf6 48.Nf3 Ra8 49.Ke2 Ra4
50.Ke3 Rb4 51.Bc2 Rc4 52.Bd3 Ra4 53.Bc2 Rc4  1/2-1/2

[Event "Katowice op"]
[Site "Katowice"]
[Date "1990.??.??"]
[Round "9"]
[White "Zyla, Janusz"]
[Black "Efimov, Igor"]
[Result "0-1"]
[WhiteElo "2275"]
[BlackElo "2400"]

1.e4 c5 2.Nf3 Nc6 3.d4 cxd4 4.Nxd4 Qb6 5.Nb3 Nf6 6.Nc3 e6 7.Bd3 Be7 8.O-O O-O
9.a4 Rd8 10.a5 Qc7 11.f4 d5 12.e5 Ne4 13.Qe2 Nc5 14.Nb5 Qb8 15.Nxc5 Bxc5+
16.Be3 d4 17.Bd2 g6 18.Ra4 a6 19.Na3 Bd7 20.Rc4 Bf8 21.Kh1 b5 22.axb6 Qxb6
23.c3 Qxb2 24.Nc2 Na5 25.Rxd4 Nb3 26.Be3 Nxd4 27.Bxd4 a5 28.f5 exf5 29.Qf3 Be6
30.Ne3 Rab8 31.g4 fxg4 32.Nxg4 Bg7 33.Be4 a4 34.Nf6+ Kh8 35.Qf4 a3 36.Qh4 Bxf6
37.exf6 Rxd4 38.Qh6 Rg8 39.cxd4 a2 40.Qc1 Qxd4  0-1

[Event "Balkaniad"]
[Site "Kavala"]
[Date "1990.??.??"]
[Round "1"]
[White "Gocheva, Rumiana B"]
[Black "Makropoulou, Marina"]
[Result "1/2-1/2"]
[WhiteElo "2210"]
[BlackElo "2230"]

1.e4 c5 2.Nf3 Nc6 3.d4 cxd4 4.Nxd4 Qc7 5.Nc3 e6 6.g3 a6 7.Bg2 Nf6 8.O-O Bc5
9.Nb3 Be7 10.a4 O-O 11.g4 d5 12.g5 Nxe4 13.Nxe4 dxe4 14.Bxe4 Rd8 15.Qe2 b6
16.f4 Bf8 17.Be3 Rb8 18.Qc4 Bb7 19.Rae1 Bd6 20.Nd2 Ne7 21.Qxc7 Bxc7 22.Bxb7 Rxb7
23.Nc4 Nf5 24.Bc1 b5 25.axb5 axb5 26.Ne5 Bb6+ 27.Kg2 f6 28.Ng4 Kf7 29.Be3 Bxe3
30.Nxe3 Rd2+ 31.Rf2 Rxf2+ 32.Kxf2 Rc7 33.c3 fxg5 34.Nxf5 exf5 35.fxg5 b4
36.cxb4 Kg6 37.h4 Rb7 38.Re6+ Kh5 39.Re5 Rxb4 40.Re7 Rxb2+ 41.Kg3 Rb3+ 42.Kf4 Rb4+
43.Kf3 Rb3+ 44.Kf4 Rb4+ 45.Kf3 Kg6 46.h5+ Kxg5 47.Rxg7+ Kh6 48.Rf7 Rb3+ 49.Kf4 Rb1
50.Rxf5 Rf1+ 51.Kg4 Rxf5 52.Kxf5 Kxh5 53.Kf4 Kh4 54.Kf3  1/2-1/2

[Event "Balkaniad"]
[Site "Kavala"]
[Date "1990.??.??"]
[Round "3"]
[White "Gavrilakis, Nikolaos"]
[Black "Cabrilo, Goran"]
[Result "1-0"]
[WhiteElo "2400"]
[BlackElo "2485"]

1.e4 c5 2.Nf3 Nc6 3.d4 cxd4 4.Nxd4 Qb6 5.Nb3 Nf6 6.Nc3 e6 7.Qe2 d6 8.g4 a6
9.g5 Nd7 10.f4 Qc7 11.Be3 b5 12.Qf2 Bb7 13.a4 b4 14.Ne2 Na5 15.Ng3 Rc8 16.Nxa5 Qxa5
17.Bg2 d5 18.O-O dxe4 19.f5 Ne5 20.fxe6 fxe6 21.Nxe4 Bxe4 22.Bxe4 Bc5 23.Kh1 Ke7
24.Rad1 Bxe3 25.Qxe3 Qc5 26.Qh3 Qc4 27.Rfe1 Rcd8 28.Rxd8 Kxd8 29.g6 h5 30.b3 Qd4
31.Qxe6 Re8 32.Qxa6 Nf3 33.Qa5+ Kd7 34.Qf5+  1-0

[Event "Balkaniad"]
[Site "Kavala"]
[Date "1990.??.??"]
[Round "3"]
[White "Gocheva, Rumiana B"]
[Black "Giaidzi, Aspasia"]
[Result "1-0"]
[WhiteElo "2210"]
[BlackElo "2035"]

1.e4 c5 2.Nf3 Nc6 3.d4 cxd4 4.Nxd4 Qb6 5.Nxc6 dxc6 6.Nd2 Nf6 7.Nc4 Qc7 8.e5 Nd5
9.Qe2 Be6 10.Bd2 g6 11.Na3 Bg7 12.c4 Nb6 13.f4 Nd7 14.Qe3 Bf5 15.Be2 h5 16.c5 b5
17.Bf3 Rd8 18.O-O O-O 19.Qe1 Qb7 20.Ba5 Rc8 21.b4 Rfe8 22.Bd1 Nf8 23.Nc2 Qd7
24.Ne3 Qd4 25.Bb3 Qd7 26.Rd1 Qb7 27.Nxf5 gxf5 28.Qh4 e6 29.Qxh5 f6 30.exf6 Bxf6
31.Qxf5 Qg7 32.Rf3 Bd4+ 33.Kh1 Qf6 34.Qg4+ Kf7 35.f5  1-0

[Event "JUG-sf"]
[Site "Kladovo"]
[Date "1990.??.??"]
[Round "3"]
[White "Vukovic, Zdravko"]
[Black "Vujadinovic, Goran"]
[Result "1/2-1/2"]
[WhiteElo "2425"]
[BlackElo "2370"]

1.e4 c5 2.Nf3 Nc6 3.d4 cxd4 4.Nxd4 Qc7 5.Be2 Nf6 6.O-O Nxe4 7.Bf3 Nf6 8.Bg5 e6
9.Nc3 Qe5 10.Bxf6 Qxf6 11.Ndb5 Qf4 12.Re1 Be7 13.Re4 Qb8 14.Nd5 exd5 15.Qxd5 O-O
16.Rae1 d6 17.Rxe7 Nxe7 18.Rxe7 Be6 19.Qd4 Qd8 20.Rxb7 Rb8  1/2-1/2

[Event "Luxembourg op"]
[Site "Luxembourg"]
[Date "1990.??.??"]
[Round "7"]
[White "Jansa, Vlastimil"]
[Black "Avshalumov, Alex"]
[Result "1-0"]
[WhiteElo "2475"]
[BlackElo "2450"]

1.e4 c5 2.Nf3 Nc6 3.d4 cxd4 4.Nxd4 Qb6 5.Nb3 Nf6 6.Nc3 e6 7.Bd3 Be7 8.O-O a6
9.Qe2 Qc7 10.Bg5 b5 11.Rae1 b4 12.Nd1 O-O 13.f4 g6 14.Ne3 a5 15.Qf2 Ba6 16.Qh4 Qd8
17.e5 Nh5 18.Bxa6 Rxa6 19.Nc5 Ra7 20.Bxe7 Qxe7 21.Qxe7 Nxe7 22.g4 Ng7 23.Rd1 Rd8
24.Rd2 g5 25.fxg5 Ng6 26.Nd3 d6 27.exd6 Rxd6 28.Re2 Rd4 29.h3 a4 30.b3 axb3
31.axb3 Ra5 32.Nc4 Rxg5 33.Nxb4 Nf4 34.Rh2 Nf5 35.Nc6 Re4 36.Nd2 Ne2+ 37.Kf2 Rf4+
38.Kxe2 Ng3+ 39.Ke1 Nxf1 40.Nxf1 Rc5 41.Nb8 Rb5 42.Nd7 f6 43.Nd2 Rd5 44.Nb6 Rb5
45.Nbc4 Kg7 46.Re2 f5 47.Re5 Rb8 48.gxf5 exf5 49.Ke2 Kf6 50.Nf3 Re4+ 51.Rxe4 fxe4
52.Nfd2 Kg5 53.Nxe4+ Kh4 54.Nf2 Re8+ 55.Ne3 Kg3 56.b4 Kf4 57.Nd3+ Kg3 58.c4 Kxh3
59.Kf3 Rf8+ 60.Nf4+ Kh4 61.c5 Kg5 62.Nd5 Kf5 63.b5 Ke5 64.b6 Rb8 65.Nb4 Rb7
66.Nc6+ Kf5 67.Na5 Rb8  1-0

[Event "Lyngby op"]
[Site "Lyngby"]
[Date "1990.??.??"]
[Round "4"]
[White "Yurtaev, Leonid"]
[Black "Hansen, Soren Bech"]
[Result "1-0"]
[WhiteElo "2505"]
[BlackElo "2280"]

1.e4 c5 2.Nf3 Nc6 3.d4 cxd4 4.Nxd4 Qb6 5.Nb3 Nf6 6.Nc3 e6 7.Bd3 Be7 8.O-O d6
9.a4 O-O 10.a5 Qc7 11.Be2 Rd8 12.Bf4 Ne5 13.Bg3 Bd7 14.Qd4 Be8 15.Kh1 Rdc8
16.Rfd1 Nc4 17.Bxc4 Qxc4 18.Qe3 Ng4 19.Qe1 Qc7 20.f4 Bc6 21.Nd4 Nf6 22.Qe2 a6
23.e5 dxe5 24.fxe5 Nd7 25.Nxc6 Qxc6 26.Rd4 Nf8 27.Rf1 Ng6 28.h4 Bc5 29.Rc4 Qe8
30.Ne4 Be7 31.h5 Rxc4 32.Qxc4 Nf8 33.Nf6+ gxf6 34.exf6 Bd8 35.Qg4+ Ng6 36.hxg6 hxg6
37.Be5 Qb5 38.Qxg6+ fxg6 39.f7+ Kh7 40.f8=Q Bf6 41.Qxf6  1-0